MDQL
is popping MORE tags! Check the
thread
!
Quizzes
Events
Quiz Creation
Community
Videos
Private Events
Remove Ads
Sign In
Join for FREE
Feedback
Dark Mode
Quiz Categories
Sports
Geography
Music
Movies
Television
Just For Fun
Miscellaneous
History
Literature
Language
Science
Gaming
Entertainment
Religion
Holiday
For Kids
Quiz Lab
Recent
Popular Today
Quiz Kudos Today
Editor Picks
Curator Picks
Quizzes by...
Day
Popularity
Type
Ratings
Length
Year
Community
Subscriptions
Recent Discussions
Orange Saloon
Badges
Playlists
Quests
Create
Leaderboards
Showdown
Live 5
Trivia Bingo
Activity
Puzzle Library
Sporcle Events
Private Events
Virtual Trivia
Globe League
Become a Host
Pub Owners
SporcleCon
Opinionation
Our Games
Videos
Blog
Mobile Apps
Partnerships
Remove Ads and Go Orange
Feedback
Television
TV Characters
TV Show
Sitcom
Network
Friends
Reality Shows
Cast
South Park
Star Trek
The Simpsons
Doctor Who
Television
TV Characters
TV Show
Sitcom
Network
Friends
Reality Shows
Cast
South Park
Star Trek
The Simpsons
Doctor Who
Random Quiz
Search Sporcle
×
Quiz Lab
Quiz Lab
Television
US Office
Type in answers that appear in a list
Type in answers that appear in a list
Classic
Best Score? Go Orange.
The Dundies Stats
Can you name the The Dundies?
By
plee999
3m
17 Questions
177 Plays
177 Plays
177 Plays
Comments
Comments
Give Quiz Kudos
Give Quiz Kudos
-
- Ratings
hide this ad
Forced Order
Answers have to be entered in order
Answers have to be entered in order
Replay
Link that replays current quiz
Next Quiz
Link to next quiz in quiz playlist
You Got
0%
They Got
Avg Score
74%
Avg Friend Score
Upgrade to see
Score Distribution
Jump to the score distribution portion of the page
Score
0/17
Timer
03:00
0
Plays Today
Hint
Answer
% Correct
Best Dad Award
Jim
91.5%
Best Mom Award/
Grace Under Fire Award
Meredith
90.4%
Assistant Manager Award
Dwight
89.8%
Diabetes Award/
Great Work Award/
Fine Work Award
Stanley
88.7%
Whitest Sneakers Award/
Longest Engagement Award
Pam
86.4%
Kevin Award/
Don't Go In There After Me Award
Kevin
85.9%
Spicy Curry Award
Kelly
85.3%
Hottest in the Office (2005-
2010)
Ryan
83.6%
Redefining Beauty Award/
Bushiest Beaver Award
Phyllis
80.2%
Hint
Answer
% Correct
Cutest Redhead in the Office Award
Erin
79.7%
Kind of a B**** Award/
Tight-
A** Award
Angela
79.7%
Extreme Repulsiveness Award
Toby
74.6%
Best Dundies Host Award
Deangelo
68.4%
Show Me the Money Award
Oscar
58.2%
Doobie Doobie Pothead Stoner of the Year Award
Andy
50.8%
Hottest in the Office Award (2011)
Danny
42.4%
Moving On Up Award
Darryl
28.2%
Quiz Playlist
Details
Report
Send in Message
Add To Playlist
Classic:
Type in answers that appear in a list
Forced Order:
Answers have to be entered in order
Last Updated: Jul 14, 2017
Quiz Scoreboard
CHALLENGE
Sign Up to Join the Scoreboard
Show All
Scores
Hide
Comments
May contain spoilers
Recently Published
Image Sorting: Flags VI
by Barbecue
Geography
2m
Find the 'City' Movie
by crazypaving
Movies
60s
Colored Red Africa Blitz
by spor1
Geography
45s
More to Explore
Quiz From the Vault
Featured Blog Post
14 Easter Pick-up Lines to Find Eggs With
hide this ad
You Might Also Like...
Tags
The Office
US Office
Today's Top Quizzes in Television
Browse Television
hide this ad
Today's Top Quizzes in US Office
Browse US Office
Top Contributed Quizzes in Television
1
Survivor Journey Challenge
2
Brooklyn Nine Nine Logic Puzzle (How-To-Play)
3
Total Drama Characters
4
Adjectives in 00s TV Shows
5
Phoebe Buffay Quotes
6
Survivor Heroes vs. Villains Logic Puzzle
7
Survivor Trivia
8
Emmerdale Characters (from August 2012)
9
Game of Thrones: Tywin Lannister Start to Finish
10
Survivor Logic Puzzle: Heroes vs. Villains
Explore More
Trending Topics
Anime
Disney
Crossword
NBA
Harry Potter
Kpop
Marvel
Puzzle
Country
WWE
Soccer
The Office
Pokémon
Song
NFL
hide this ad
More By:
plee999
Quiz
Plays
Rating
Category
Featured
Created
Captain America Civil War Profiles
3,371
4.95
Movies
Apr 28, 2016
Marvel Cinematic Universe Shooting Gallery
3,120
3.50
Movies
Oct 21, 2015
The Dundies
177
5.00
Television
Nov 27, 2015
Go to Creator's Profile
Score Distribution
Quiz Creator Spotlight
plee999
Follow
Send a Message
Quizzes Created
-
Created Quiz Play Count
-
More By This Creator
Popular Quizzes Today
1
Colored Red Africa Blitz
2
Find the US States - No Outlines Minefield
3
Find the 'City' Movie
4
5x2 Blitz: Bands
5
The Countries of the World
6
Find the US States
7
Find the Countries of Europe - No Outlines Minefield
8
US States
More Television Quizzes
'00s American TV A-Z
Editor's Pick
Trending Quizzes
Colored Red Europe Blitz I
Colored Red Europe Blitz II
Colored Red Africa Blitz II
Colored Red Europe Blitz III
Colored Red Africa Blitz III
Recently Updated
How Do You Spell That?
pecheneg
Godzilla Movies
pecheneg
Grab Bag: 4-10 Letters
pecheneg
2024 March Madness Bracket
pecheneg
Famous TV Couples
Peacemaker
Champions League XIs: Real Madrid
pecheneg
Largest US Cities 1790-2010
pecheneg
Rides in Walt Disney World
pecheneg
Most Oscar Losses (Acting)
pecheneg
Beyoncé Albums
pecheneg
Trending Topics
Harry Potter
Anime
Disney
Kpop
Marvel
NBA
Crossword
Puzzle
Song
NFL
The Office
Pokémon
Soccer
WWE
Country
Your Account Isn't Verified!
In order to create a playlist on Sporcle, you need to verify the email address you used during registration. Go to your
Sporcle Settings
to finish the process.
Report this User
Report this user for behavior that violates our
Community Guidelines
.
Details:
Send Report
Go to the Sporcle.com Mobile Site →
Comments